Osservatorio sulle migrazioni a Roma e nel Lazio, sedicesimo rapporto /

Saved in:
Bibliografiske detaljer
Corporate Authors: Centro studi e ricerche IDOS (Author), Istituto di studi politici S. Pio V
Format: Bog
Sprog:italiensk
Udgivet: Roma : Centro Studi e Ricerche IDOS, 2021
Tags: Tilføj Tag
Ingen Tags, Vær først til at tagge denne postø!

MARC

LEADER 00000nam a22000007ib4500
001 IT\ICCU\RMB\0808870
003 ItRI
005 20250903170241.0
008 210923s2021 it |||||| ||||| |||||c
020 |a 9788864800806 
040 |b ita  |c GP 
041 7 |a ita  |2 ISO-639-2 
110 2 |a Centro studi e ricerche IDOS  |0 IT\ICCU\BVEV\130696  |4 aut 
245 0 0 |a Osservatorio sulle migrazioni a Roma e nel Lazio,  |p sedicesimo rapporto /  |c Centro Studi e Ricerche IDOS. 
260 |a Roma :  |b Centro Studi e Ricerche IDOS,  |c 2021 
300 |a 367 p. ;  |c 24 cm 
500 |a In testa al frontespizio: in collaborazione e con il supporto di Istituto di Studi Politici San Pio V. 
710 2 |a Istituto di studi politici S. Pio V  |0 IT\ICCU\CFIV\119754 
773 0 |w IT\ICCU\IST\0050620  |t Osservatorio romano sulle migrazioni 
942 |2 ddc  |c BK 
952 |0 0  |1 0  |2 ddc  |4 0  |6 304_845620000000000_IDO  |7 1  |9 9585  |a RM  |b RM  |d 2025-09-03  |l 0  |o 304.84562 IDO  |p 923  |r 2025-09-03 17:05:50  |w 2025-09-03  |y BK 
981 1 |6 z01  |a i   |b xxxe  
982 1 |6 z01  |a n 
999 |c 7999  |d 7999